| 000 | 00561nam a2200217Ia 4500 | ||
|---|---|---|---|
| 001 | 2004 | ||
| 003 | GE_BSU | ||
| 008 | 181216s||||||||xx |||||||||||||| ||und|| | ||
| 020 | _a5774904067 | ||
| 040 | _cGE_BSU | ||
| 080 | _a347.965 | ||
| 245 | _aАдвокатура. Сборник документов | ||
| 245 | _cСост. Ю.И.Стецовский | ||
| 260 | _aМосква | ||
| 260 | _bДело | ||
| 260 | _c2005 | ||
| 300 | _a280стр. | ||
| 541 | _h8л. | ||
| 653 | _aАдвокатура. Сборник документов | ||
| 942 | _cBK | ||
| 999 |
_c36104 _d36104 |
||